000 00698nam a22001937a 4500
999 _c183856
_d183856
005 20220113114241.0
010 _aENG-130976
020 _a978-93-89-64-82-63
_c799.00
035 _aEN-114508
037 _bDBAD
082 _a954.16
100 _aMukundan, M.
245 _aDelhi:
_bA Soliloquy/
_cM. Mukundan Translated by Fathima E.V. & Nandakumar K.
260 _aChennai
_bWestland Publications Private LImited
_c2020
270 _bChennai
_e600096
_a1st Floor, A Block, East Wing, Plot No. 40, SP infocity, Dr. MGR Salai, Perungundi, Kandanchavadi
300 _a538p.
_c21cm(pbk)
700 _aTranslated by E.V. Fathima & K. Nandakumar
942 _2ddc
_cEN
_h954.16
_mMUK